000 01199nam a22003014a 4500
001 ebr10074937
003 CaPaEBR
006 m u
007 cr cn|||||||||
008 000906s2001 flua sb 001 0 eng
010 _z 00046759
020 _z0849308763 (alk. paper)
040 _aCaPaEBR
_cCaPaEBR
035 _a(OCoLC)70720484
050 1 4 _aTK5105.875.E87
_bT55 2001eb
082 0 4 _a005.8
_221
100 1 _aTiller, James S.
245 1 2 _aA technical guide to IPSec virtual private networks
_h[electronic resource] /
_cJames S. Tiller.
260 _aBoca Raton, FL :
_bCRC Press,
_cc2001.
300 _axxv, 345 p. :
_bill.
504 _aIncludes bibliographical references and index.
533 _aElectronic reproduction.
_bPalo Alto, Calif. :
_cebrary,
_d2013.
_nAvailable via World Wide Web.
_nAccess may be limited to ebrary affiliated libraries.
650 0 _aExtranets (Computer networks)
_xSecurity measures.
650 0 _aIPSec (Computer network protocol)
655 7 _aElectronic books.
_2local
710 2 _aebrary, Inc.
856 4 0 _uhttp://site.ebrary.com/lib/rucke/Doc?id=10074937
_zAn electronic book accessible through the World Wide Web; click to view
999 _c154350
_d154350